00539nam a2200193 a 4500001001300000003000900013005001700022008004100039020001000080082002100090100003700111245005000148260002600198300000900224500003500233505001800268650002200286700003700308nice12345678IN_TiNIC20260116015301.0050524s1998 mona grp 000 0 eng  ac10000a305.4209582bWOM aWomen Living Under Muslim Laws,  aWomen`s Situation in Afghanistan; Compilation aMontrealbWLUMLc1998 a232p aincludes index and biblioraphy2 aSubject Index aWomen-Afghanistan1 aWomen Living Under Muslim Laws,